=LDR 00000nam 2200000 4500 =001 INLIS000000000027291 =005 20130612125658 =008 ***********************************Ind** =035 ##$$0010-061300000027291 =041 ##$$a Ind =082 ##$$a 811 =090 ##$$a 811, Rab e =100 ##$$a RABBAH,Riyanto =245 ##$$a Equilibrium, Riyanto Rabbah =260 ##$$a 2007 $b Mataram =300 ##$$a 78 hlm, ilus, 19 cm =650 ##$$a KUMPULAN PUISI =850 ##$$a NBPNMAT =990 ##$$a 14181418 =990 ##$$a 01201901418